01147cam a22003014a 4500999001900000001000900019003000500028005001700033008004100050010001700091020002200108020002100130040001800151042000800169043001200177050001900189082002200208245015000230260005600380300003400436504004100470650006100511710003700572856007800609906004500687942001200732952010100744 c328804d32880414074489Nust20170417134014.0050815s2005 dcua b 000 0 eng  a 2005023673 a0309096499 (pbk.) a0309550068 (pdf) aDLCcDLCdDLC apcc an-us---00aT73b.E37 200500a620.00711 EDU22200aEducating the engineer of 2020 :badapting engineering education to the new century /cNational Academy of Engineering of The National Academies. aWashington, DC :bNational Academies Press,cc2005. axvi, 192 p. :bill. ;c23 cm. aIncludes bibliographical references. 0aEngineeringxStudy and teaching (Higher)zUnited States.2 aNational Academy of Engineering.413Table of contentsuhttp://www.loc.gov/catdir/toc/ecip0518/2005023673.html a7bcbccorignewd1eecipf20gy-gencatlg 2ddccBK 00102ddc4070aNITbNITd2017-04-17eNITo620.00711 EDUpNIT-8407r2017-04-17w2017-04-17yREP